1579 1651 1497 1002 1141 1968 1213 1861 1484 1252 1282 1194 1507 1368 1167 1927 1752 1589 1602 1011 1428 1256 1945 1829 1122 1724 1364 1726 1521 1540 1616 1434 1044 1617 1614 1390 1609 1683 1765 1982 1592 1292 1623 1827 1111 1832 1834 1095 1289 1524 1342 1946 1561 1504 1139 1212 1189 1688 1522 1957 1881 1362 1054 1592 1170 1247 1030 1464 1822 1917 1452 1692 1633 1455 1894 1789 1199 1489 1608 1598 1197 1292 1038 1818 1723 1821 1863 1818 1893 1651 1683 1561 1590 1136 1131 1978 1580 1556 1024 BCNSPRNW ULIB Ver.6.0+V

เปลี่ยนเป็นภาษาไทย

Change to English
 แสดงรายละเอียดบรรณานุกรม
  กลับหน้าหลัก

Brief Record : Get Marc (ISO 2709) : E-mail record : QR code < ปิดหน้าต่าง
LEADER : 00000nam 2200000uu 4500
001    13399122712
003     ULIB
008    020711s2555 th a 000 0 tha d
020    9789742473693
050  4 DS520^bอ111ร
100    อากิ อคิราภ์
245    เราคืออาเซียน-- กัมพูชา /^cอากิ อคิราภ์
250    พิมพ์ครั้งที่ 3
260    กรุงเทพฯ :^bอมรินทร์คอมมิกส์,^c2555
300    53 หน้า
440  0 ชุด เราคืออาเซียน
650  7 ประชาคมอาเซียน
650  7 อาเซียน
650  7 กัมพูชา
945    ^p75^l0^i20151
999    ^aทศพร เกษรทอง
รายการนี้ยังไม่มีแท็ก
คุณยังไม่ได้ล็อกอิน คุณสามารถมีกิจกรรมร่วมกับเว็บไซต์ได้ แต่ต้องล็อกอินก่อน ::
  ล็อกอิน

รายการสื่อสารสนเทศ

ลำดับที่ ประเภท เลขเรียก/บาร์โค้ด สถานที่ สถานะ
1. การศึกษาทั่วไป
การศึกษาทั่วไป
DS520 อ111ร ฉ.1 
  Barcode: 20151
ห้องสมุดวิทยาเขตนครสวรรค์
►หนังสือทั่วไป:l:General Books
บนชั้น

รายการใกล้เคียง
    ผู้แต่ง [อากิ อคิราภ์]

    หัวเรื่อง [ประชาคมอาเซียน]
    หัวเรื่อง [อาเซียน]
    หัวเรื่อง [กัมพูชา]

BibComment


ยังไม่เคยถูกคอมเมนท์

คอมเมนท์ทรัพยากรรายการนี้
  คอมเมนท์: เราคืออาเซียน กัม..


 Copyright 2026. Bcnsprnw @Library